Normal view
MARC view
- تاليف صبري، عزام ، م.مشارك علي ابو شرار
Entry Personal Name
001 - CONTROL NUMBER
- control field: 52899
003 - CONTROL NUMBER IDENTIFIER
- control field: JO-AjAnu
005 - DATE AND TIME OF LATEST TRANSACTION
- control field: 20230606082707.0
008 - FIXED-LENGTH DATA ELEMENTS
- fixed length control field: 230606|| aca||aabn | a|a d
040 ## - CATALOGING SOURCE
- Original cataloging agency: JO-AjAnu
- Transcribing agency: JO-AjAnu
100 ## - HEADING--PERSONAL NAME
- Personal name: تاليف صبري، عزام ، م.مشارك علي ابو شرار
670 ## - SOURCE DATA FOUND
- Source citation: Work cat.: (JO-AjAnu)27028: تاليف صبري، عزام ، م.مشارك علي ابو شرار, author, علم الاحصاء: نظريات وتطبيقات